Statistics for Countries and territories of Oceania and Antarctica by flags

Click here to take the quiz!

General Stats

  • This quiz has been taken 200 times
    (185 since last reset)
  • The average score is 26 of 36

Answer Stats

Answer% Correct
Australia
98%
Kiribati
92%
Samoa
90%
Nauru
88%
Tonga
88%
Tuvalu
87%
Fiji
86%
Palau
86%
Guam
85%
Marshall Islands
85%
Niue
85%
Vanuatu
85%
Cook Islands
84%
Federated States of Micronesia
84%
Indonesia
84%
Papua New Guinea
84%
Solomon Islands
84%
American Samoa
83%
Chile
80%
Japan
80%
United States
80%
Tokelau
79%
French Polynesia
78%
New Zealand
75%
New Caledonia
69%
Northern Mariana Islands
68%
Wallis and Futuna
68%
Pitcairn Islands
67%
Norfolk Island
64%
Norway
58%
British Antarctic Territory
41%
French Southern and Antarctic Lands
28%
South Georgia and South Sandwich Islands
27%
Argentine Antarctica
23%
Minor Outlying Islands
20%
Chilean Antarctica
19%

Score Distribution

Percentile by Number Answered

Percent of People with Each Score

Your Score History

You have not taken this quiz since the last reset